<?xml version="1.0" encoding="UTF-8"?>
<record
    xmlns:xsi="http://www.w3.org/2001/XMLSchema-instance"
    xsi:schemaLocation="http://www.loc.gov/MARC21/slim http://www.loc.gov/standards/marcxml/schema/MARC21slim.xsd"
    xmlns="http://www.loc.gov/MARC21/slim">

  <leader>00888caa a22002417a 4500</leader>
  <datafield tag="999" ind1=" " ind2=" ">
    <subfield code="c">407699</subfield>
    <subfield code="d">407699</subfield>
  </datafield>
  <controlfield tag="001"> 121585 </controlfield>
  <controlfield tag="003">UA-OsUOA</controlfield>
  <controlfield tag="005">20191025150023.0</controlfield>
  <controlfield tag="007">ta</controlfield>
  <controlfield tag="008">20170323b un ||||| |||| 00| 0 ukr d</controlfield>
  <datafield tag="040" ind1=" " ind2=" ">
    <subfield code="a">UA-OsUOA</subfield>
    <subfield code="b">ukr</subfield>
    <subfield code="c">UA-OsUOA</subfield>
    <subfield code="d">UA-OsUOA</subfield>
  </datafield>
  <datafield tag="041" ind1=" " ind2=" ">
    <subfield code="a">ukr</subfield>
  </datafield>
  <datafield tag="080" ind1=" " ind2=" ">
    <subfield code="a">908</subfield>
  </datafield>
  <datafield tag="090" ind1=" " ind2=" ">
    <subfield code="a">908</subfield>
    <subfield code="b">&#x411;16</subfield>
  </datafield>
  <datafield tag="100" ind1=" " ind2=" ">
    <subfield code="a">&#x411;&#x430;&#x436;&#x435;&#x43D;&#x43E;&#x432; &#x41B;. &#x412;.</subfield>
  </datafield>
  <datafield tag="245" ind1=" " ind2=" ">
    <subfield code="a">&#x417;&#x43D;&#x430;&#x432;&#x435;&#x446;&#x44C; &#x456; &#x434;&#x43E;&#x441;&#x43B;&#x456;&#x434;&#x43D;&#x438;&#x43A; &#x412;&#x43E;&#x43B;&#x438;&#x43D;&#x456; &#x430;&#x43A;&#x430;&#x434;&#x435;&#x43C;&#x456;&#x43A; &#x41C;&#x438;&#x43A;&#x43E;&#x43B;&#x430; &#x41F;&#x435;&#x442;&#x440;&#x43E;&#x432;</subfield>
    <subfield code="c">&#x41B;. &#x412;. &#x411;&#x430;&#x436;&#x435;&#x43D;&#x43E;&#x432; </subfield>
  </datafield>
  <datafield tag="300" ind1=" " ind2=" ">
    <subfield code="a">&#x421;. 12-15</subfield>
  </datafield>
  <datafield tag="650" ind1=" " ind2="7">
    <subfield code="a">908 &#x41A;&#x440;&#x430;&#x454;&#x437;&#x43D;&#x430;&#x432;&#x441;&#x442;&#x432;&#x43E;</subfield>
    <subfield code="2">UDC</subfield>
  </datafield>
  <datafield tag="773" ind1="0" ind2=" ">
    <subfield code="0">331088</subfield>
    <subfield code="9">355474</subfield>
    <subfield code="d">&#x41E;&#x441;&#x442;&#x440;&#x43E;&#x433; 1996</subfield>
    <subfield code="o">104077</subfield>
    <subfield code="t">&#x41C;&#x430;&#x442;&#x435;&#x440;&#x456;&#x430;&#x43B;&#x438; 6-&#x43E;&#x457; &#x41E;&#x441;&#x442;&#x440;&#x456;&#x437;&#x44C;&#x43A;&#x43E;&#x457; &#x43A;&#x43E;&#x43D;&#x444;&#x435;&#x440;&#x435;&#x43D;&#x446;&#x456;&#x457; "&#x41E;&#x441;&#x442;&#x440;&#x456;&#x433; &#x43D;&#x430; &#x43F;&#x43E;&#x440;&#x43E;&#x437;&#x456; 900-&#x440;&#x456;&#x447;&#x447;&#x44F;" 1995 &#x440;&#x456;&#x43A;</subfield>
    <subfield code="w">(UA-OsUOA) 44978 </subfield>
  </datafield>
  <datafield tag="942" ind1=" " ind2=" ">
    <subfield code="c">BKA</subfield>
    <subfield code="2">udc</subfield>
  </datafield>
  <datafield tag="955" ind1=" " ind2=" ">
    <subfield code="a">1</subfield>
  </datafield>
</record>
